| 000 | 00732cam a22002294a 4500 | ||
|---|---|---|---|
| 005 | 20250605164250.0 | ||
| 008 | 250528s ||||||||||||||||||||||||d | ||
| 035 | _a21682 | ||
| 020 | _a979603943853 | ||
| 040 |
_aGR-AtMCL _bgre _dGR-AtMCL _eAACR2 |
||
| 245 | 1 | _aΚΛΙΝΙΚΗ ΚΙΝΗΣΙΟΛΟΓΙΑ | |
| 250 | _a5 | ||
| 260 |
_bΕκδόσεις Παρισιάνου, _c2005 |
||
| 300 | _a548 | ||
| 520 | _aΚΛΙΝΙΚΗ ΚΙΝΗΣΙΟΛΟΓΙΑ, ΦΥΣΙΟΛΟΓΙΑ ΤΩΝ ΜΥΩΝ ΜΥΙΚΗ ΕΝΕΡΓΕΙΑ ΑΓΚΩΝΑΣ ΚΑΙ ΑΝΤΙΒΡΑΧΙΟ | ||
| 700 | 1 |
_aDon Lehmkuhl L _97622 |
|
| 700 | 1 |
_aSmith Laura K _97623 |
|
| 700 | 1 |
_aWeiss Elizabeth L _97624 |
|
| 942 | _cBK | ||
| 999 |
_c6742 _d6742 |
||